000 00817nam a22002177a 4500
005 20140616120853.0
010 _aENG-110209
020 _a9788132111627
_c995.00
035 _aEN-93741
037 _bDBAD/PUB
082 _a305.80095496
245 _aFacing globalisation in the Himalayas:
_cedited by Gerard Toffin [and] Joanna Pfaff- Czarnecka
_bbelonging and the politics of the self /
260 _aNew Delhi
_bSAGE Publications
_c2014
270 _aB1/I-1 Mohan Cooperative Industrial Area Mathura Road
_bNew Delhi
_e110044
300 _ax,471p.
_c24cm(Hb)
490 _aGovernance, conflict, and civic action; v.5
500 _aIncludes bibliographical references and indexes
700 _aToffin, Gerard
700 _aPfaff Czarnecka, Joanna
942 _2ddc
_cEN
_mFAC
_h305.80095496
999 _c85085
_d85085